000 00797nam a22001815i 4500
001 161542
003 ES-MaACL
005 20250806050953.0
008 041019s1841 fr |||| | fre d
040 _aCAM
_bspa
_cCAM
100 1 _aPatissier, Philibert.
_9130896
245 1 0 _aRapport sur les eaux minérales naturelles
_b: fait au nom de la commission des eaux minérales pour les années 1838 et 1839 et lu a l'Académie Royale de Médecine le 14 aout 1841 /
_cpar Ph. Patissier.
260 _aPari :
_bJ.-B. Baillière,
_c1841 (
_fCosson)
300 _a76 p. ;
_c21 cm.
650 7 _aAguas minerales
_2embne
_9135517
852 _aES-MaACL
_jR-1361(2)
_z-- Enc. hol.
_q-- Falto de la cub. original
_z-- Enc. en un vol. facticio
_z.- Donat. Mateo Seoane
999 _c161542
_d161542